000 00745cab a2200253 4500
001 ABS60094
008 090401t1999 xxu||||| |||| 00| 0 eng d
035 _a(Sirsi) u91462
041 _aeng
100 _aMacKay, S.
245 _aBuilding for life
260 _c1999
350 _a0
490 _aPremises and Facilities Management
_vFebruary 1999, 33-36(3)
520 _aForesees a growing awareness of the importance of whole life costing and value engineering in the building industry.
650 _aBUILDING INDUSTRY
650 _aFORECASTS
650 _aLIFE-CYCLE COSTING
650 _aVALUE ENGINEERING
650 _aWHOLE LIFE COSTS
690 _aBUILT ENVIRONMENT-BUILDING COSTS
942 _n0
948 _c19/02/1999
999 _c58065
_d58065